Sports Quiz

Random Sports or NFL Quiz

NFL Teams by Name Length Quiz Stats

 Plays Quiz Updated May 8, 2013

Challenge
Share
Tweet
Embed
Score 0/32 Timer 03:00
2 Plays Today
Starting Letter NFL Team % Correct
JJets
97.8%
449ers
94.3%
RRams
82.8%
BBears
82.3%
LLions
81.1%
EEagles
77.9%
BBills
75.1%
GGiants
73.7%
CColts
70.9%
TTitans
68.6%
BBrowns
67.3%
JJaguars
65.8%
RRavens
64.5%
VVikings
63.3%
SSaints
60.6%
TTexans
60.1%
Starting Letter NFL Team % Correct
BBengals
59.1%
CChiefs
55.5%
PPatriots
55%
FFalcons
54.8%
BBuccaneers
52.5%
RRaiders
52.3%
DDolphins
51.3%
BBroncos
50.1%
PPackers
49%
CCowboys
48.4%
SSteelers
48.4%
CChargers
47.9%
SSeahawks
46.4%
PPanthers
44.8%
RRedskins
44.4%
CCardinals
41.8%

You're not logged in!

Compare scores with friends on all Sporcle quizzes.
OR
Log In

You Might Also Like...

Show Comments

Extras

Top Quizzes Today


Score Distribution

Your Account Isn't Verified!

In order to create a playlist on Sporcle, you need to verify the email address you used during registration. Go to your Sporcle Settings to finish the process.

Report this User

Report this user for behavior that violates our Community Guidelines.

Details: